Search the Library Catalogue
| 000 -LEADER | |
|---|---|
| fixed length control field | 01199nam a2200157Ia 4500 |
| 008 - FIXED-LENGTH DATA ELEMENTS--GENERAL INFORMATION | |
| fixed length control field | 250714s9999 xx 000 0 und d |
| 020 ## - INTERNATIONAL STANDARD BOOK NUMBER | |
| ISBN | 9780748617555 |
| 082 ## - DEWEY DECIMAL CLASSIFICATION NUMBER | |
| Classification number | 935.JOA |
| 100 ## - MAIN ENTRY--AUTHOR NAME | |
| Personal name | Joannès, Francis |
| 245 #4 - TITLE STATEMENT | |
| Title | The Age of Empires |
| 260 ## - PUBLICATION, DISTRIBUTION, ETC. (IMPRINT) | |
| Year of publication | 2004 |
| 500 ## - GENERAL NOTE | |
| General note | This is a concise introduction to the history of the ancient Near East during the last millennium bc: Phoenicia, Palestine, the Neo-Assyrian and Neo-Babylonian empires, the Persian Achaemenid empire, the empire of Alexander, and the vast Persian Seleucid empire founded by Seleucus around 300 bc and defeated by Pompey for Rome in 64 bc. The book focuses on political history, on the sources and shifts of power and the individuals who wielded it. It also introduces the student to the principal aspects of the religious, social and economic history of the region.The narrative is succinct, backed up by summary tables and maps, and enlivened by lengthy quotations from contemporary documents. The latter are frequently used to illustrate specific case studies. The book ends with a chronology and glossary, as well as an adapted further reading list. |
| 650 ## - SUBJECT ADDED ENTRY--TOPICAL TERM | |
| Topical Term | History |
| 942 ## - ADDED ENTRY ELEMENTS (KOHA) | |
| Koha item type | English Books |
| Withdrawn status | Lost status | Damaged status | Not for loan | Home library | Current library | Shelving location | Date acquired | Full call number | Accession Number | Price effective from | Koha item type |
|---|---|---|---|---|---|---|---|---|---|---|---|
| Anna Centenary Library | Anna Centenary Library | 7TH FLOOR, B WING | 14.07.2025 | 935.JOA | 372078 | 14.07.2025 | English Books |